| 000 | 01294nam a2200277 a 4500 | ||
|---|---|---|---|
| 003 | OSt | ||
| 005 | 20240828091125.0 | ||
| 007 | cr ||||||a|c|a | ||
| 008 | 240117s2021 mx a|||fom||| 001 0 spa d | ||
| 040 | _erda | ||
| 100 | 1 |
_9188493 _aEsquivel Luna, Rodrigo Arturo |
|
| 245 | 1 | 0 |
_aEvaluación de mezclas de insecticidas para el control de palomilla dorso de diamante (Plutella xylostella L.) en el cultivo de brócoli (Brassica oleracea L. var. italica) / _cpor Rodrigo Arturo Esquivel Luna ; director de tesis Manuel Alejandro Tejeda Reyes. |
| 264 | 1 |
_aChapingo, México : _bEl autor, _c2021. |
|
| 300 |
_a1 recurso en línea (43 páginas): _bcuadros, figuras. |
||
| 336 |
_2rdacontent _atexto _btxt |
||
| 337 |
_2rdamedia _acomputadora _bc |
||
| 338 |
_2rdacarrier _arecurso en línea _bcr |
||
| 502 |
_bIAEPA _cParasitología _d2021. _gLIC |
||
| 504 | _aIncluye referencias bibliográficas: páginas 41-43. | ||
| 650 | 4 |
_915535 _aBrócoli _xEnfermedades |
|
| 650 | 4 |
_9140295 _aInsecticidas _x Análisis |
|
| 650 | 7 |
_aPlutella xylostella _xControl _2 _9188485 |
|
| 700 | 1 |
_9112025 _aTejeda Reyes, Manuel Alejandro _eDirector de tesis. |
|
| 856 |
_uhttp://10.13.5.2/tesis/tl/1310697-8_Esquivel_Luna_Rodrigo_Arturo.pdf _zDESCARGAR PDF |
||
| 942 | _2Clasificación Universidad Autónoma Chapingo | ||
| 999 |
_c219546 _d219546 |
||